LEADER 00867nam0-2200289---450- 001 990008867060403321 005 20100225141635.0 035 $a000886706 035 $aFED01000886706 035 $a(Aleph)000886706FED01 035 $a000886706 100 $a20090618d1969----km-y0itay50------ba 101 0 $aeng 105 $aa-------001yy 200 1 $aDevelopment of the functions of the small intestine in mammals and man$fO. Koldovsky 210 $aBasel ; New York$cKarger$d1969 215 $aVIII, 204 p.$cill.$d25 cm 610 0 $aIntestino 676 $a599.013 700 1$aKoldovsky,$bO.$g$0319761 801 0$aIT$bUNINA$gRICA$2UNIMARC 901 $aBK 912 $a990008867060403321 952 $a5 B 6$b450$fDMEPE 959 $aDMEPE 996 $aDevelopment of the functions of the small intestine in mammals and man$9803388 997 $aUNINA LEADER 02017oam 2200589M 450 001 9910716191803321 005 20200213070900.2 035 $a(CKB)5470000002518193 035 $a(OCoLC)1065589427 035 $a(OCoLC)995470000002518193 035 $a(EXLCZ)995470000002518193 100 $a20071213d1925 ua 0 101 0 $aeng 135 $aurcn||||||||| 181 $ctxt$2rdacontent 182 $cc$2rdamedia 183 $acr$2rdacarrier 200 10$aFrederick S. Easter. December 19, 1925. -- Committed to the Committee of the Whole House and ordered to be printed 210 1$a[Washington, D.C.] :$c[U.S. Government Printing Office],$d1925. 215 $a1 online resource (5 pages) 225 1 $aHouse report / 69th Congress, 1st session. House ;$vno. 14 225 1 $a[United States congressional serial set ] ;$v[serial no. 8535] 300 $aBatch processed record: Metadata reviewed, not verified. Some fields updated by batch processes. 300 $aFDLP item number not assigned. 606 $aClaims 606 $aLegislative amendments 606 $aMilitary offenses 606 $aNaval offenses 606 $aMilitary discharge 606 $aWorld War, 1914-1918 606 $aChild soldiers 606 $aDisabled veterans 608 $aLegislative materials.$2lcgft 615 0$aClaims. 615 0$aLegislative amendments. 615 0$aMilitary offenses. 615 0$aNaval offenses. 615 0$aMilitary discharge. 615 0$aWorld War, 1914-1918. 615 0$aChild soldiers. 615 0$aDisabled veterans. 701 $aStephens$b Ambrose Everett Burnside$f1862-1927$pRepublican (OH)$01389558 801 0$bWYU 801 1$bWYU 801 2$bOCLCO 801 2$bOCLCQ 801 2$bOCLCO 801 2$bOCLCQ 906 $aBOOK 912 $a9910716191803321 996 $aFrederick S. Easter. December 19, 1925. -- Committed to the Committee of the Whole House and ordered to be printed$93550146 997 $aUNINA